Textbook of Adult Health Nursing: (Record no. 4)
[ view plain ]
| 000 -LEADER | |
|---|---|
| Fixed length control field | 00796nam a22002537a 4500 |
| 003 - CONTROL NUMBER IDENTIFIER | |
| Control field | IIN |
| 005 - DATE AND TIME OF LATEST TRANSACTION | |
| Control field | 20240201125708.0 |
| 008 - FIXED-LENGTH DATA ELEMENTS--GENERAL INFORMATION | |
| Fixed length control field | 231216b |||||||| |||| 00| 0 eng d |
| 020 ## - INTERNATIONAL STANDARD BOOK NUMBER / ISBN | |
| International Standard Book Number | 9789390619207 |
| 040 ## - CATALOGING SOURCE | |
| Original cataloging agency | IIN |
| Language of cataloging | English |
| 100 1# - MAIN ENTRY--PERSONAL NAME | |
| Personal name | Herbert, Jaideep |
| 245 #2 - TITLE STATEMENT | |
| Title | Textbook of Adult Health Nursing: |
| Sub title | with integrated pathophysiology and evidence-based practice / |
| Statement of responsibility | Jaideep Herbert, Anil Sharma and Shweta Pattnaik |
| 250 ## - EDITION STATEMENT | |
| Remainder of edition statement | Usha Ukande [ ED] |
| 260 ## - IMPRINT | |
| Place of publication | New Delhi |
| Name of publisher | CBS |
| Date of publication | 2023 |
| 300 ## - PHYSICAL DESCRIPTION | |
| Page / Vol. No | xl, 952p. |
| 440 ## - SERIES STATEMENT | |
| Series Title | Medical Surgical Nursing |
| Number | Vol.1 |
| 500 ## - GENERAL NOTE | |
| General note | Including Index end of the book. |
| 650 1# - SUBJECT ADDED ENTRY--TOPICAL TERM | |
| Topical term | Medical Surgical |
| Form subdivision | Nursing |
| 650 1# - SUBJECT ADDED ENTRY--TOPICAL TERM | |
| Topical term | Adult Health Nursing |
| 700 1# - ADDED ENTRY--PERSONAL NAME | |
| Personal name | Sharma, Anil |
| 700 1# - ADDED ENTRY--PERSONAL NAME | |
| Personal name | Pattnaik, Shweta |
| 700 1# - ADDED ENTRY--PERSONAL NAME | |
| Personal name | Ukande, Usha [ ED] |
| 942 ## - ADDED ENTRY ELEMENTS (KOHA) | |
| Koha item type | Books |
| Withdrawn status | Lost status | Source of classification | Damaged status | Not for loan | Collection code | Home library | Current library | Date acquired | Total Checkouts | Call number | Accession number | Date last seen | Price effective from | Koha item type |
|---|---|---|---|---|---|---|---|---|---|---|---|---|---|---|
| Dewey Decimal Classification | Gift Book | IDEAL INSTITUTE OF NURSING | IDEAL INSTITUTE OF NURSING | 16/12/2023 | 610.73677 HER | D24 | 16/12/2023 | 16/12/2023 | Books |
